UBT Library

Primary care : (Record no. 39432)

000 -LEADER
fixed length control field 00628cam a2200229 a 4500
001 - CONTROL NUMBER
control field 3732364
005 - DATE AND TIME OF LATEST TRANSACTION
control field 20171227033058.0
008 - FIXED-LENGTH DATA ELEMENTS--GENERAL INFORMATION
fixed length control field 810326s1981 nyu b 101 0 eng
010 ## - LIBRARY OF CONGRESS CONTROL NUMBER
LC control number 81002910
020 ## - INTERNATIONAL STANDARD BOOK NUMBER
International Standard Book Number 0808913921
040 ## - CATALOGING SOURCE
Original cataloging agency DLC
Transcribing agency DLC
Modifying agency DLC
041 ## - LANGUAGE CODE
Language code of text/sound track or separate title eng
060 ## - NATIONAL LIBRARY OF MEDICINE CALL NUMBER
Classification number WY 101 P951
080 ## - UNIVERSAL DECIMAL CLASSIFICATION NUMBER
Universal Decimal Classification number 610.730699 MAU
082 00 - DEWEY DECIMAL CLASSIFICATION NUMBER
Classification number 610.730699 MAU
Edition number 19
100 ## - Rafti
Rafti 1
101 ## - Shkurtesa
Shkurtesa INF
245 00 - TITLE STATEMENT
Title Primary care :
Statement of responsibility, etc edited by Ingeborg G. Mauksch.
504 ## - BIBLIOGRAPHY, ETC. NOTE
Bibliography, etc Includes bibliographies and index.
906 ## - LOCAL DATA ELEMENT F, LDF (RLIN)
a 7
b cbc
c orignew
d 1
e ocip
f 19
g y-gencatlg
942 ## - ADDED ENTRY ELEMENTS (KOHA)
Source of classification or shelving scheme
Item type Books
Holdings
Withdrawn status Lost status Source of classification or shelving scheme Damaged status Not for loan Collection code Permanent location Current location Shelving location Date acquired Total Checkouts Full call number Barcode Date last seen Price effective from Koha item type
          Koleksioni i përgjithshem UBT - Lipjan UBT - Lipjan Koleksioni i përgjithshem 12/27/2017   610.730699 MAU 002-2939699 12/27/2017 12/27/2017 Books
UBT Library © 2015-2024. All rights reserved University Education for Business and Technology